Normal view
MARC view
- Law, Arbitration Act
Entry Topical Term
001 - CONTROL NUMBER
- control field: 128039
003 - CONTROL NUMBER IDENTIFIER
- control field: NUST
005 - DATE AND TIME OF LATEST TRANSACTION
- control field: 20250302140654.0
008 - FIXED-LENGTH DATA ELEMENTS
- fixed length control field: 250302|| aca||aabn | a|a d
040 ## - CATALOGING SOURCE
- Original cataloging agency: NUST
- Transcribing agency: NUST
150 ## - HEADING--TOPICAL TERM
- Topical term or geographic name entry element: Law, Arbitration Act
670 ## - SOURCE DATA FOUND
- Source citation: Work cat.: (NUST): Javaid, C.M. Afzal 128038, Complete Research on Arbitration Act 1940 Along with Relevant Laws /, 2023.
